000 00438nam a2200181Ia 4500
005 20250320060452.0
008 240331s9999 xx 000 0 und d
020 _a0070442967
082 _a302
_bMYE
_23699
100 _aMyers, D. G.
245 0 _aExploring Social Psychology
260 _aNew York,
_bMGraw-Hill inc.
_c1994
300 _axiv, 428 p.,
650 _aPsychology
650 _aDiversity
650 _aSocial
942 _cL
999 _c1079
_d1079